[Event "Cairns Cup 2019"]
[Site "Saint Louis"]
[Date "2019.02.13"]
[Round "7.3"]
[White "Khotenashvili, Bela"]
[Black "Krush, Irina"]
[Result "1-0"]
[WhiteElo "2491"]
[BlackElo "2435"]
[Annotator "TA"]
[PlyCount "97"]
[EventDate "2019.02.06"]
[EventType "tourn"]
[EventCountry "USA"]
[SourceTitle "playchess.com"]
[Source "ChessBase"]
[SourceQuality "1"]

{[%evp 16,97,27,20,40,43,42,46,68,69,60,62,72,70,61,55,49,20,32,20,28,18,17,14,16,18,64,59,53,62,62,66,104,95,129,130,132,120,123,120,108,110,100,99,152,140,129,109,138,147,156,157,156,148,242,227,404,397,456,456,451,425,854,0,311,0,855,853,814,803,1187,960,927,912,849,777,1870,1605,1469,1062,5257,2510,1370,1282]} 1. d4 d5 2. Nf3 Nf6 3. Bf4 c5 4. e3 Nc6 5. Nbd2 cxd4 6. exd4 g6 7. c3 Bg7 8. h3 O-O 9. Bd3 Bd7 {B13: Caro-Kann: Exchange Variation and Panov-Botvinnik Attack} (9... a6 10. a4 Bf5 11. Bxf5 gxf5 12. g4 Qd7 13. Qc2 Ne4 14. Rg1 Kh8 15. Be3 Rac8 16. Qd3 Nxd2 17. Kxd2 Na5 {½-½ (56) Sychev,K (2498)-Popov,I (2599) Moscow 2017}) 10. O-O Qc8 11. Re1 a6 {White is slightly better.} 12. Ne5 Nxe5 $146 ({Predecessor:} 12... e6 13. Ndf3 Nh5 14. Bh2 Qd8 15. Rc1 Bh6 16. Rc2 Bg7 17. Bf1 Nf6 {1-0 (40) Habada,J (1915)-Majerik,V (2085) Czechia 2006}) 13. dxe5 Ne8 14. Bg5 Qd8 15. Qb3 Nc7 16. Qxb7 Rb8 17. Qa7 Ne6 $1 {[%cal Re6g5]} 18. Bh4 Rxb2 19. Nb3 g5 20. Bg3 {Threatens to win with Qe3.} Bb5 21. Bf5 Nf4 22. Bxf4 gxf4 23. Qd4 Bc4 24. Qxf4 e6 25. Qc1 Re2 26. Rxe2 Bxe2 {[#]} 27. Bxh7+ $1 {[%mdl 576] Decoy} Kxh7 28. Qc2+ {[%mdl 64] Double Attack} Kg8 {Strongly threatening ...Bh5.} 29. Qxe2 Qc7 ({Black should play} 29... Qg5) 30. f4 $16 ({Don't take} 30. Qxa6 $6 Qxc3 31. Rf1 Bxe5 $14) 30... Qxc3 31. Rf1 a5 32. Kh2 a4 {[#]} 33. Rf3 $1 {[%cal Rf3c3]} Qb4 {[#]} 34. Nc1 $1 Rb8 (34... Rc8 $16) 35. Nd3 $18 Qd4 $2 (35... Qe4 36. Qc2 Kh8) 36. Qd1 Rc8 37. Rg3 {Black must now prevent Qg4.} Qe4 38. Qg4 {[%csl Gg3][%cal Rg4g7]} Qg6 (38... Qh7 $142 39. f5 {[%mdl 64] Discovered Attack} exf5) 39. Qd1 $2 (39. Qh4 Qh7 40. Qe7) 39... Qe4 $1 40. Qg4 $2 $40 {[%mdl 128] White attacks.} (40. Qh5) 40... Qg6 $1 41. Qh4 {White is clearly winning.} Qh7 42. Qe7 Qe4 43. Qf6 {[%csl Gg3][%cal Rf6g7]} Qh7 {[#]} 44. Nc5 $1 {[%mdl 512] aiming for Nxe6.} Kh8 (44... Rxc5 45. Qd8#) 45. Qxf7 Rxc5 46. Rg5 Rc8 47. Rh5 Qxh5 48. Qxh5+ Kg8 49. Qg6 {Accuracy: White = 90%, Black = 47%.} 1-0

[Event "Cairns Cup 2019"]
[Site "Saint Louis"]
[Date "2019.02.13"]
[Round "7.4"]
[White "Abdumalik, Zhansaya"]
[Black "Dzagnidze, Nana"]
[Result "1/2-1/2"]
[WhiteElo "2468"]
[BlackElo "2513"]
[Annotator "TA"]
[PlyCount "70"]
[EventDate "2019.02.06"]
[EventType "tourn"]
[EventCountry "USA"]
[SourceTitle "playchess.com"]
[Source "ChessBase"]
[SourceQuality "1"]

{[%evp 15,70,12,15,1,9,8,14,16,8,8,6,11,10,0,0,0,13,15,2,10,6,8,27,0,14,18,53,46,75,55,78,81,81,77,231,237,456,440,421,26,389,0,0,0,0,0,0,-88,-92,-92,0,0,0,0,0,0,0]} 1. e4 e6 2. d4 d5 3. Nc3 Nf6 4. e5 Nfd7 5. f4 c5 6. Nf3 Nc6 7. Be3 a6 8. Qd2 b5 9. Nd1 {C11: French: Classical System: 4 e5 and 4 Bg5 dxe4} (9. a3 {with more complications.} Bb7 10. Bd3 g5 11. fxg5 cxd4 12. Nxd4 Ncxe5 13. h4) 9... cxd4 (9... Be7 {is more complex.} 10. c3 c4 11. Be2 a5 12. O-O b4) 10. Nxd4 Nxd4 11. Bxd4 Bc5 12. c3 Qb6 13. Nf2 $146 ({Predecessor:} 13. Qe3 b4 14. Bd3 a5 15. O-O Ba6 16. Bxa6 Rxa6 {1-0 (38) Inarkiev,E (2686)-Lalic,B (2454) Melilla 2011}) 13... a5 14. Be2 b4 15. O-O Ba6 16. Bxa6 Rxa6 17. Qe3 bxc3 18. bxc3 O-O 19. Nd3 {[%cal Rd3c5]} Bxd4 20. cxd4 Qa7 21. Rac1 Nb6 22. f5 $1 {[%cal Rf5f6]} Nc4 23. Rxc4 $1 dxc4 24. f6 $1 {Qg5 would kill now.} gxf6 $2 (24... cxd3 25. Qg5 Qxd4+ 26. Kh1 Qg4 27. Qxg4 g6 28. Qg5 Kh8 29. Qh6 Rg8 30. Rf3 g5 31. Rh3 Rg6 32. Qxh7#) (24... h6 $16 25. fxg7 Kxg7) 25. Nc5 $18 {Strongly threatening Qh6.} (25. exf6 Kh8 $15) 25... Kh8 $2 (25... Rb8 {was necessary.} 26. Qh6 (26. Nxa6 Qxa6 27. h3 Qb7 $11) (26. Rxf6 Rc6 $11) (26. exf6 Kh8 $11) 26... fxe5) 26. Qh6 $1 {[%cal Rh6f8]} Rg8 27. Qxf6+ {[%mdl 64] Double Attack} (27. Nxa6 Qxd4+ 28. Kh1 Qxe5 $11) 27... Rg7 28. Rf3 $2 $40 {[%mdl 128] White attacks.} ({Weaker is} 28. Nxa6 Qxa6 29. Qd8+ Rg8 $11) (28. Rf4 $1 $18 {[%cal Rf4g4] Intending Rg4 and mate.} h5 29. Qd8+ (29. Nxa6 Qb7 $18) 29... Kh7 30. Rh4 (30. Nxa6 Qb7 $16) 30... Rxg2+ 31. Kxg2 Qa8+ 32. Qxa8 Rxa8 33. Ne4) 28... Qb6 $1 $11 {...Ra8 is the strong threat.} 29. Nxa6 {Black must now prevent h3.} Qxd4+ 30. Rf2 {aiming for h3.} c3 $1 {[%cal Rc3c2]} 31. Qf3 ({Don't blunder} 31. Kh1 $2 c2 $1 $19 {[%mdl 512]}) (31. Qe7 $11 {keeps the balance.}) 31... c2 $1 $17 {[%cal Rc2c1]} 32. Qc6 {[#]} Rxg2+ (32... Qd1+ $1 $17 33. Rf1 Rg5 34. Qe8+ Rg8 35. Qxf7 (35. Qc6 $2 Rd8 $19) 35... c1=Q 36. Qf6+ Rg7 37. Qf8+ Rg8 38. Qf6+ {[%mdl 64] Double Attack} Rg7 39. Qf8+ Rg8 40. Qf6+ {[%mdl 64] Double Attack}) 33. Kxg2 $11 {The position is equal.} Qg4+ 34. Kh1 Qd1+ 35. Kg2 {White threatens Qe8+ and mate.} Qg4+ {Accuracy: White = 80%, Black = 49%.} 1/2-1/2

[Event "Cairns Cup 2019"]
[Site "Saint Louis"]
[Date "2019.02.13"]
[Round "7.5"]
[White "Paehtz, Elisabeth"]
[Black "Sebag, Marie"]
[Result "1/2-1/2"]
[WhiteElo "2466"]
[BlackElo "2476"]
[Annotator "TA"]
[PlyCount "113"]
[EventDate "2019.02.06"]
[EventType "tourn"]
[EventCountry "USA"]
[SourceTitle "playchess.com"]
[Source "ChessBase"]
[SourceQuality "1"]

{[%evp 10,113,37,14,22,11,22,0,20,0,13,6,29,25,22,12,25,17,32,35,21,28,90,82,112,81,95,112,166,177,174,171,177,178,162,162,239,249,273,265,277,260,235,157,160,156,155,137,117,116,432,430,432,450,416,374,722,0,0,0,0,0,0,0,0,0,0,0,0,0,0,0,0,0,0,0,0,0,0,0,0,0,0,0,0,0,0,0,0,0,0,0,0,0,0,0,0,0,0,0,0,0,0,0,0,0]} 1. e4 c5 2. Nf3 d6 3. d4 cxd4 4. Nxd4 Nf6 5. Nc3 a6 6. Nb3 Nbd7 {B90: Sicilian Najdorf: Unusual White 6th moves, 6 Be3 Ng4 and 6 Be3 e5} (6... g6 7. Be3 Bg7 8. Qd2 Ng4 9. Bg5 h6 10. Bh4 g5 11. Bg3 Nc6 12. Be2 Nge5 13. h4 gxh4 14. Bxh4 {0-1 (35) Alekseenko,K (2638)-Nepomniachtchi,I (2763) St Petersburg 2018}) 7. g4 h6 8. h4 Ne5 $146 ({Predecessor:} 8... b5 9. Bg2 b4 10. Nd5 Ne5 11. Nxf6+ gxf6 12. f3 h5 13. g5 fxg5 14. hxg5 {0-1 (54) Mischuk,D (2374)-Alikulov,E (2369) Cheliabinsk 2017}) 9. f3 e6 10. Qe2 Qc7 11. Rg1 b5 12. f4 $36 {[%mdl 2048] White fights for an advantage.} Nc4 13. g5 hxg5 14. hxg5 Nd7 15. g6 Be7 (15... Qb6 $11 16. gxf7+ Kxf7) 16. gxf7+ $16 Kxf7 17. a4 (17. Qg2 {is interesting.} Ke8 18. Bxc4 bxc4 19. Nd4 Bh4+ 20. Kd1) 17... Bf6 18. axb5 Nxb2 (18... Ndb6 $16 {is a better defense.}) 19. Bxb2 $18 Bxc3+ 20. Bxc3 Qxc3+ 21. Qd2 $1 {[%cal Rd2c3]} Qxd2+ 22. Nxd2 Nc5 {[#]} (22... Kf8 {might work better.} 23. bxa6 Rh4) 23. Nc4 $1 {[%cal Rc4d6]} Nxe4 24. Bg2 d5 25. Bxe4 dxe4 26. Nd6+ Kf8 27. b6 Rb8 28. Nxc8 Rxc8 29. Rxa6 $16 {[%mdl 4096] Endgame KRR-KRR} Rb8 $2 {[%mdl 8192] [#]} (29... g5 $16 {is a better chance.}) 30. c4 $1 $18 Rh2 31. c5 Rc2 32. Rg5 e3 $2 (32... Ke7 33. Ra7+ Kf6 34. Rgxg7 e5 35. Rgf7+ Ke6 36. Rae7+ Kd5) 33. Ra3 $2 (33. Ra7 $18 g6 34. Rh7) 33... Kf7 $11 {The position is equal.} 34. Rxe3 {aiming for Re2.} Rh8 $1 {[%cal Rh8h1]} 35. Kd1 Rhh2 $1 {( -> ...Ra2)} ({Don't blunder} 35... Ra2 $2 36. Rge5 $18) 36. Rge5 Rhd2+ 37. Ke1 Rh2 {[%cal Rh2h1]} 38. Re2 Rhxe2+ 39. Rxe2 Rxc5 {KR-KR} 40. Rb2 Rc8 $1 41. Ke2 (41. Kd2 {seems wilder.} Kf6 42. Rb5 Ke7 43. b7 Rb8 44. Rb6) 41... Kf6 $1 42. b7 Rb8 43. Ke3 {Threatens to win with Ke4.} g5 $1 44. fxg5+ Kxg5 45. Kd4 Kf5 46. Rf2+ Kg6 47. Rg2+ Kf6 48. Rb2 Kf5 49. Kc5 e5 50. Kb6 {Kc7 is the strong threat.} e4 51. Kc7 Re8 52. b8=Q Rxb8 53. Rxb8 {White threatens Kd6 and mate.} e3 54. Kd6 Ke4 55. Kc5 {Threatening mate with Kc4.} e2 56. Re8+ Kd3 57. Rxe2 {Accuracy: White = 72%, Black = 55%.} 1/2-1/2

[Event "Cairns Cup 2019"]
[Site "Saint Louis"]
[Date "2019.02.14"]
[Round "8.1"]
[White "Gunina, Valentina"]
[Black "Abdumalik, Zhansaya"]
[Result "1/2-1/2"]
[WhiteElo "2501"]
[BlackElo "2468"]
[Annotator "TA"]
[PlyCount "84"]
[EventDate "2019.02.06"]
[EventType "tourn"]
[EventCountry "USA"]
[SourceTitle "playchess.com"]
[Source "ChessBase"]
[SourceQuality "1"]

{[%evp 22,84,0,-9,0,0,0,-4,0,0,6,-1,-5,-18,-5,-5,-5,-11,0,0,0,0,0,0,-19,-9,-3,-77,-81,-131,-125,-118,-115,-183,-39,-271,-246,-298,-278,-288,-287,-410,-411,-367,-168,-170,-150,-162,-42,-38,-23,-45,-36,-25,0,-88,-34,-64,-72,-57,0,0,0,0,0]} 1. Nf3 Nf6 {[%cal Bg8f6,Bf6d5,Bd5b4,Bb4d3][%mdl 32]} 2. c4 c5 3. Nc3 d5 4. cxd5 Nxd5 5. e4 Nb4 6. Bc4 Nd3+ 7. Ke2 Nf4+ {A34: Symmetrical English: 2 Nc3, lines with ...d5} 8. Kf1 Nd3 9. Qe2 Nxc1 10. Rxc1 e6 11. e5 Nc6 12. h4 {LiveBook: 5 Games} Bd7 13. Rh3 {[#]} h6 $146 ({Predecessor:} 13... Qb6 14. Bb5 h6 15. Kg1 {0-1 (35) Erdos,V (2585)-Svidler,P (2745) Germany 2017}) 14. Kg1 Qb6 15. Bb3 O-O-O 16. Na4 Qa5 17. Qe3 {[%cal Ra4c5]} c4 18. Bd1 Kb8 {White should prevent ...Nb4.} 19. a3 $1 Qb5 20. Rg3 f5 21. exf6 gxf6 22. Qf4+ e5 {[%cal Be6e5,Be5e4][%mdl 32]} 23. Qxf6 Be7 24. Qf7 (24. Qg6 $1 $11) 24... Rhf8 $1 $17 {[%cal Rf8f7]} 25. Qh5 {[#]} Bf5 $1 26. Qxh6 e4 $36 {[%mdl 2048] Keeping White busy.} 27. Nc3 (27. Nh2 $17 {was worth a try.}) 27... Qc5 ({Better is} 27... Qb6 $19 28. Nh2 Rh8) 28. Ng5 $2 (28. Nh2 $1 $15) 28... Rh8 29. Ngxe4 {Strongly threatening Qxh8.} Rxh6 30. Nxc5 Rxh4 (30... Bxc5 31. Rg5 $17) 31. b4 (31. N3e4 $142 Bxe4 32. Nxe4 Rxe4 33. Bf3) 31... Rdh8 $19 {[%csl Gh8][%cal Rh4h1]} 32. Kf1 {If White can now play Ne2 this consolidates a bit.} Bxc5 (32... Rh1+ $142 33. Ke2 Re8) 33. bxc5 Bd3+ 34. Rxd3 {[#]} cxd3 (34... Rh1+ $1 $19 35. Ke2 Re8+ 36. Ne4 Rxe4+ 37. Kf3 Ree1) 35. f3 $15 Rc4 36. Kf2 Rxc5 37. Rb1 Rh1 38. Ke3 (38. Bc2 $11) 38... Ra5 ({Black should play} 38... Rg5 $17 39. g4 Re5+ 40. Kxd3 Ree1) 39. a4 Rg5 40. g4 {[%cal Bg2g4,Bg4g5][%mdl 32]} Rh3 (40... Re5+ $15 41. Kxd3 Ree1) 41. Ne4 $11 Rg7 42. g5 Rf7 {Precision: White = 62%, Black = 55%.} 1/2-1/2

[Event "Cairns Cup 2019"]
[Site "Saint Louis"]
[Date "2019.02.14"]
[Round "8.2"]
[White "Dzagnidze, Nana"]
[Black "Kosteniuk, Alexandra"]
[Result "1/2-1/2"]
[WhiteElo "2513"]
[BlackElo "2532"]
[Annotator "TA"]
[PlyCount "136"]
[EventDate "2019.02.06"]
[EventType "tourn"]
[EventCountry "USA"]
[SourceTitle "playchess.com"]
[Source "ChessBase"]
[SourceQuality "1"]

{[%evp 9,136,8,41,34,31,0,-7,0,-2,-23,-7,-50,-53,-69,-51,-65,-36,-42,21,-41,-39,-36,-45,-33,21,12,15,17,18,0,46,-13,0,-94,0,-34,-38,-46,-33,-12,-26,-125,-73,-87,0,-97,-105,-120,-122,-96,-23,-106,-73,-74,-35,-48,-51,-45,-8,-8,-8,-8,-8,-11,-22,-98,-109,-151,-149,-127,0,0,0,0,0,0,0,0,0,0,0,0,0,0,0,0,0,0,0,0,0,0,0,0,0,0,0,0,0,0,0,0,0,0,0,0,0,0,0,0,0,0,0,0,0,0,0,0,0,0,0,0,0,0,0,0,0,0,0]} 1. d4 Nf6 2. c4 e6 3. Nc3 Bb4 4. f3 Nc6 5. e4 d5 6. e5 {E20: Nimzo-Indian: 4 g3 and 4 f3} Ng8 7. a3 Bxc3+ $1 8. bxc3 dxc4 9. Rb1 $146 ({Predecessor:} 9. Qa4 f6 10. exf6 Nxf6 11. Bxc4 O-O 12. Ne2 Kh8 13. O-O {1-0 (28) Moskalenko,V (2543)-Barsov,A (2546) Sitges 2006}) 9... a6 10. Nh3 Na5 11. Qa4+ c6 $1 12. Qc2 c5 13. dxc5 Qd5 (13... Qc7 $15) 14. Be3 (14. Qa4+ $11 Nc6 15. Qxc4) 14... Qxe5 $15 15. Kf2 {And now Bd4 would win.} Ne7 16. Qa4+ Nec6 (16... Nac6 $15) 17. Bxc4 $11 Nxc4 18. Qxc4 O-O 19. Rhd1 Qc7 20. Rd6 (20. Ng5 $14) 20... Ne7 21. g4 (21. Qe4 $11) 21... Nd5 ({Better is} 21... Bd7 $17) 22. Nf4 Nxe3 23. Kxe3 b5 24. Qd4 Bb7 25. Kd2 {[#]} (25. Nd3 $11) 25... Bxf3 (25... Rac8 $142 $1 26. a4 (26. Rd7 Qc6 $17) 26... e5 27. Qxe5 Rfe8) 26. Rf1 Bc6 ({Reject} 26... Bxg4 $6 27. Rg1 $14) ({Black should try} 26... e5 $17 27. Qxe5 Rae8) 27. Qe5 {[#]} (27. Re1 $11 {keeps the balance.}) 27... Rad8 $1 $17 28. Nh5 {[%csl Gh5][%cal Re5g7]} f6 29. Qxe6+ Qf7 ({Black should play} 29... Kh8 $17 30. Kc1 Rc8) 30. Re1 (30. Qxf7+ $1 $11 Kxf7 31. Rf4) 30... Rxd6+ 31. cxd6 Qxe6 32. Rxe6 {[%mdl 4096] Endgame KRB-KRN} Rd8 33. Ke3 Bd5 34. Re7 Bf7 35. Ra7 Bxh5 $1 36. gxh5 Rxd6 $11 {KR-KR} 37. h6 (37. Ra8+ $11 {remains equal.} Kf7 38. Ra7+ Ke6 39. Rxg7) 37... gxh6 $17 38. Ke4 Rc6 39. Kf5 Rxc3 (39... h5 $17 40. h4 Kh8) 40. Ra8+ $11 {The position is equal.} Kf7 41. Ra7+ Kf8 {Strongly threatening ...Rf3+.} 42. Rxa6 Ke7 43. Re6+ Kd7 44. Rxf6 Rh3 45. Kg4 Rxh2 46. Rb6 h5+ 47. Kf4 Rf2+ 48. Ke5 Rg2 49. Kf4 Rg4+ 50. Kf5 {[#]} h6 $1 51. Rxh6 Rc4 52. Ke5 $1 h4 53. Kd5 Ke7 54. Ke5 Kf7 {...Kg7 is the strong threat.} 55. Kf5 Ke7 (55... Rc5+ {keeps more tension.} 56. Kg4 Ke7 57. Kxh4 Kd7 58. Kg4 Rc6) 56. Ke5 Kd7 57. Kd5 Kc7 {[#]} 58. a4 $1 {[%mdl 512]} Rxa4 {Threatens to win with ...Rc4.} (58... bxa4 59. Kxc4) 59. Kc5 Kd7 60. Kxb5 Rg4 {aiming for ...Ke8.} 61. Kc5 Ke7 62. Kd5 Kf7 {Hoping for ...Ra4.} 63. Ke5 Kg7 64. Kf5 Ra4 65. Rg6+ Kh7 {( -> ...Ra5+)} 66. Rg4 Ra5+ 67. Kf4 Rh5 68. Rg1 Ra5 {Accuracy: White = 56%, Black = 53%.} 1/2-1/2

[Event "Cairns Cup 2019"]
[Site "Saint Louis"]
[Date "2019.02.14"]
[Round "8.3"]
[White "Sebag, Marie"]
[Black "Krush, Irina"]
[Result "1-0"]
[WhiteElo "2476"]
[BlackElo "2435"]
[Annotator "TA"]
[PlyCount "83"]
[EventDate "2019.02.06"]
[EventType "tourn"]
[EventCountry "USA"]
[SourceTitle "playchess.com"]
[Source "ChessBase"]
[SourceQuality "1"]

{[%evp 24,83,16,12,9,24,24,24,15,21,29,19,30,8,23,15,57,54,72,33,39,39,127,131,137,92,89,82,82,91,84,119,118,90,80,97,94,78,237,74,139,123,208,197,322,18,18,19,20,0,0,0,0,0,37,41,120,181,933,872,29967,6390]} 1. e4 c5 2. Nf3 d6 3. d4 Nf6 4. Nc3 cxd4 5. Nxd4 Nc6 6. Bg5 e6 7. Qd2 a6 8. O-O-O Be7 9. f3 Nxd4 10. Qxd4 O-O 11. h4 b5 12. Kb1 Qa5 13. Qd2 {Hoping for Nd5.} b4 {B63: Sicilian: Richter-Rauzer: 7...Be7 and unusual Black 7th moves} 14. Ne2 e5 15. g4 ({Predecessor:} 15. Nc1 Be6 16. Nb3 Qa4 17. g4 Rfd8 18. Bxf6 Bxf6 19. g5 Be7 20. Bh3 Bc4 21. Nc1 {1-0 (45) Balogh,C (2398)-Dembo,Y (2346) Budapest 2002}) 15... Be6 {White has an edge.} 16. Nc1 Rfd8 17. Bxf6 Bxf6 18. g5 Be7 19. Bh3 Bc4 20. b3 $36 {[%mdl 2048] White is pushing.} Bb5 21. Nd3 $146 (21. a4) 21... Bxd3 22. Qxd3 d5 (22... Ra7 $14) 23. exd5 $16 Bc5 24. Qe4 Bd4 25. Rxd4 exd4 26. d6 $1 Qc5 {[#] aiming for ...d3.} 27. d7 a5 28. Rd1 a4 29. Qxd4 Qa5 30. Rd2 Qc7 $2 {[#]} (30... Qa7 $16 {keeps fighting.}) 31. f4 $2 ({But not} 31. Qxb4 $6 Qg3 $16) (31. bxa4 $1 $18 {is the precise move to win. Strongly threatening Bf1.} Qc6 32. Bf1) 31... axb3 ({Black should play} 31... Qa7) 32. cxb3 Rab8 (32... Qa7 $16) 33. h5 $18 Qb6 (33... Qc6 $142) 34. Qxb6 $2 (34. Qe5 $18 {Black must now prevent h6!} Qb5 35. Rd5) 34... Rxb6 {[%mdl 4096] Endgame KRR-KRB} 35. Kb2 h6 36. Rd5 Kf8 $1 37. a3 bxa3+ 38. Kxa3 Ra8+ 39. Kb2 Ke7 (39... Rd8 $1 $14) 40. Re5+ $16 Kd6 $2 (40... Kf8) 41. Re8 $18 Rbb8 42. Rc8 {Accuracy: White = 53%, Black = 30%.} 1-0

[Event "Cairns Cup 2019"]
[Site "Saint Louis"]
[Date "2019.02.14"]
[Round "8.4"]
[White "Harika, Dronavalli"]
[Black "Khotenashvili, Bela"]
[Result "1/2-1/2"]
[WhiteElo "2471"]
[BlackElo "2491"]
[Annotator "TA"]
[PlyCount "57"]
[EventDate "2019.02.06"]
[EventType "tourn"]
[EventCountry "USA"]
[SourceTitle "playchess.com"]
[Source "ChessBase"]
[SourceQuality "1"]

{[%evp 18,57,49,44,41,40,41,21,28,31,33,10,16,20,20,17,12,7,8,16,20,16,20,6,4,5,11,5,7,7,10,7,4,0,0,0,0,0,0,0,8,0]} 1. c4 g6 2. e4 c5 3. Nf3 Nc6 4. d4 cxd4 5. Nxd4 Nf6 6. Nc3 d6 7. Be2 Nxd4 8. Qxd4 Bg7 9. Be3 O-O 10. Qd2 a5 {B36: Sicilian: Maroczy Bind: Gurgenidze System} 11. f3 (11. O-O a4 12. Rac1 Qa5 13. Rfd1 Be6 14. f3 Qb4 {½-½ (14) Alekseev,E (2639)-Guseinov,G (2664) St Petersburg 2018}) 11... a4 12. Rc1 Qa5 13. Rc2 Be6 $146 ({Predecessor:} 13... Bd7 14. Nd5 Nxd5 15. cxd5 Rfc8 16. Qxa5 Rxa5 17. Kd2 Rxc2+ 18. Kxc2 {½-½ (39) Friedrich,N (2305)-Cebalo,M (2438) Graechen 2013}) 14. Nd5 Nxd5 {The position is equal.} 15. cxd5 {[#] Strongly threatening Qxa5.} Rfc8 {Hoping for ...Rxc2.} 16. Qxa5 Rxa5 17. Kd2 Rxc2+ 18. Kxc2 Bd7 19. Rc1 {next Kd2 is good for White.} e6 20. Rd1 Bb5 21. Bxb5 Rxb5 $11 {[%mdl 4096] Endgame KRB-KRB} 22. b3 axb3+ 23. axb3 {And now dxe6 would win.} Ra5 24. dxe6 Ra2+ 25. Kc1 {e7 is the strong threat.} Ra1+ 26. Kc2 Ra2+ 27. Kc1 {aiming for e7.} Ra1+ 28. Kc2 {[#] Threatens to win with Rxa1.} Ra2+ 29. Kc1 {Accuracy: White = 47%, Black = 100%.} 1/2-1/2

[Event "Cairns Cup 2019"]
[Site "Saint Louis"]
[Date "2019.02.14"]
[Round "8.5"]
[White "Paehtz, Elisabeth"]
[Black "Zatonskih, Anna"]
[Result "1/2-1/2"]
[WhiteElo "2466"]
[BlackElo "2428"]
[Annotator "TA"]
[PlyCount "68"]
[EventDate "2019.02.06"]
[EventType "tourn"]
[EventCountry "USA"]
[SourceTitle "playchess.com"]
[Source "ChessBase"]
[SourceQuality "1"]

{[%evp 11,68,33,35,21,25,15,23,-5,12,5,5,8,25,20,38,14,14,5,0,0,0,0,0,0,0,-14,-4,-19,-6,-8,0,-21,-6,-13,0,-8,-14,-6,-20,-35,-14,-20,123,122,118,104,98,28,31,22,25,33,33,23,33,23,26,26,36]} 1. e4 e5 2. Nf3 Nf6 3. Nxe5 d6 4. Nf3 Nxe4 5. Nc3 Nf6 6. d4 Be7 7. Bf4 {C42: Petroff Defence: 3 Nxe5 and unusual White 3rd moves} (7. Bd3 O-O 8. O-O Nc6 9. Re1 Nb4 10. Bc4 d5 11. Bb3 c6 12. Ne2 Ne4 13. c3 Na6 14. Ng3 Nd6 15. Bc2 Nc7 {½-½ (33) Giri,A (2780)-Yu,Y (2764) Shenzhen 2018}) 7... O-O 8. h3 Re8 9. Be2 c6 10. O-O $146 ({Predecessor:} 10. Qd2 b5 11. O-O Nbd7 12. Bd3 Nb6 13. Ne2 Be6 14. b3 Bd5 {0-1 (41) Vuilleumier,A (2307)-Raetsky,A (2453) Lausanne 2005}) 10... d5 11. Bd3 Nbd7 {[%cal Bb8d7,Bd7b6,Bb6c4,Bc4d6,Bd6e4][%mdl 32]} 12. Re1 Nb6 13. Ne5 Be6 14. Qf3 Nc4 15. Nd1 Qb6 16. c3 c5 17. b3 Nd6 18. Nb2 {[#] And now Na4 would win.} cxd4 19. Na4 Qa5 20. cxd4 Nde4 21. Qe2 Bb4 {White should prevent ...Nc3.} 22. Red1 Rac8 23. Be3 a6 24. a3 Bd6 25. f4 Bd7 26. Nc5 Qc7 ({But not} 26... Nxc5 $6 27. b4 $16) (26... Bb5 $11 {keeps the balance.}) 27. Ncxd7 $16 Nxd7 {[#]} 28. Bxe4 $1 dxe4 29. Rdc1 (29. Rac1 $16 Qd8 30. Rxc8 Qxc8 31. Qc4 Nxe5 32. fxe5 Bxa3 33. d5) 29... Qd8 $11 30. Rxc8 Qxc8 31. Qc4 $1 {[%cal Rc4f7]} Bxe5 32. dxe5 Qxc4 33. bxc4 g5 34. g3 gxf4 {Accuracy: White = 57%, Black = 55%.} 1/2-1/2